000 00457nam a2200181Ia 4500
003 GCL
008 140319s9999 xx 000 0 eng d
040 _aGCL /
_cGCL
082 0 4 _a940.2
_bH C
100 1 _aHALE, J. R.
245 1 0 _aTHE CIVILISATION OF EUROPE IN THE RENAISSANCE /
_cHALE, J. R.
260 _a[S.N] :
_bJOHN HALE ،
_c1993
300 _a648 P
650 0 4 _aCIVILIZATION
650 0 4 _aEUROPE
650 0 4 _aMANUSCRIPTS
942 _2ddc
_cBK
999 _c10194
_d10194